<?xml version="1.0" encoding="UTF-8"?>
<record
    xmlns:xsi="http://www.w3.org/2001/XMLSchema-instance"
    xsi:schemaLocation="http://www.loc.gov/MARC21/slim http://www.loc.gov/standards/marcxml/schema/MARC21slim.xsd"
    xmlns="http://www.loc.gov/MARC21/slim">

  <leader>01243nam  22002653  4500</leader>
  <controlfield tag="001">202846</controlfield>
  <datafield tag="010" ind1=" " ind2=" ">
    <subfield code="a">978-972-47-4622-7</subfield>
  </datafield>
  <datafield tag="021" ind1=" " ind2=" ">
    <subfield code="a">PT</subfield>
    <subfield code="b">378889/14</subfield>
  </datafield>
  <datafield tag="090" ind1=" " ind2=" ">
    <subfield code="a">202846</subfield>
  </datafield>
  <datafield tag="100" ind1=" " ind2=" ">
    <subfield code="a">20260702d        u||y0pory50      ba</subfield>
  </datafield>
  <datafield tag="200" ind1=" " ind2=" ">
    <subfield code="a">Caras e Coroas</subfield>
    <subfield code="e">reis e rainhas de Portugal para mi&#xFA;dos</subfield>
    <subfield code="f">Jos&#xE9; Jorge Letria</subfield>
    <subfield code="g">ilustra&#xE7;&#xE3;o Ricardo Cabral</subfield>
  </datafield>
  <datafield tag="205" ind1=" " ind2=" ">
    <subfield code="a">1&#xAA;</subfield>
  </datafield>
  <datafield tag="210" ind1=" " ind2=" ">
    <subfield code="a">Alfragide</subfield>
    <subfield code="c">Texto Editores</subfield>
    <subfield code="d">2014</subfield>
  </datafield>
  <datafield tag="215" ind1=" " ind2=" ">
    <subfield code="a">[45] p.</subfield>
    <subfield code="c">il. ; encadernado</subfield>
    <subfield code="d">29 cm</subfield>
  </datafield>
  <datafield tag="300" ind1=" " ind2=" ">
    <subfield code="a">Plano Nacional de Leitura- Ler +</subfield>
  </datafield>
  <datafield tag="330" ind1=" " ind2=" ">
    <subfield code="a">Embarca nesta aventura contada em verso com a mestria de Jos&#xE9; Jorge Letria, e vem conhecer os feitos dos reis e rainhas que governaram Portugal desde o nascimento do reino at&#xE9; &#xE0; implanta&#xE7;&#xE3;o da Rep&#xFA;blica. De dinastia em dinastia, vais acompanhar o cronista atrav&#xE9;s de epis&#xF3;dios a que Ricardo Cabral d&#xE1; cor e vida e ficar a saber ainda mais acerca da nossa Hist&#xF3;ria e dos feitos dos nossos governantes. Porque aprender &#xE9; mesmo divertido!</subfield>
  </datafield>
  <datafield tag="606" ind1=" " ind2=" ">
    <subfield code="9">1574</subfield>
    <subfield code="a">Hist&#xF3;ria de Portugal</subfield>
  </datafield>
  <datafield tag="610" ind1=" " ind2=" ">
    <subfield code="a">Reis e rainhas de portugal</subfield>
  </datafield>
  <datafield tag="610" ind1=" " ind2=" ">
    <subfield code="a">Poesia</subfield>
  </datafield>
  <datafield tag="675" ind1=" " ind2=" ">
    <subfield code="a">94(469)</subfield>
    <subfield code="v">PT</subfield>
    <subfield code="z">por</subfield>
  </datafield>
  <datafield tag="700" ind1=" " ind2=" ">
    <subfield code="9">1079</subfield>
    <subfield code="a">Letria</subfield>
    <subfield code="b">Jos&#xE9; Jorge</subfield>
    <subfield code="f">1951-</subfield>
  </datafield>
  <datafield tag="702" ind1=" " ind2=" ">
    <subfield code="9">17697</subfield>
    <subfield code="a">Cabral</subfield>
    <subfield code="b">Ricardo</subfield>
  </datafield>
  <datafield tag="801" ind1=" " ind2=" ">
    <subfield code="a">PT</subfield>
    <subfield code="b">BMMN</subfield>
    <subfield code="g">RPC</subfield>
  </datafield>
  <datafield tag="830" ind1=" " ind2=" ">
    <subfield code="c">Isabel</subfield>
  </datafield>
  <datafield tag="990" ind1=" " ind2=" ">
    <subfield code="c">LIVROS</subfield>
  </datafield>
  <datafield tag="995" ind1=" " ind2=" ">
    <subfield code="0">0</subfield>
    <subfield code="2">0</subfield>
    <subfield code="5">2026-07-02</subfield>
    <subfield code="9">32659</subfield>
    <subfield code="b">BMMN</subfield>
    <subfield code="f">32369</subfield>
    <subfield code="k">94(469)  LET|DEP-AIJ</subfield>
    <subfield code="o">0</subfield>
    <subfield code="r">LIVROS</subfield>
    <subfield code="s">Oferta</subfield>
  </datafield>
</record>
